00632 a2200241 4500260001300000630009900013037001200112650002800124100002600152700002100178260002700199245002500226300000900251650002200260260000900282300001000291100000700301440003100308037001100339037001100350037001100361020001800372 aChambery a65 - Gestion et organisation de lindustrie, du commerce, de la communication et des transports b1, UREF a6 - SCIENCES APPLIQUEES aMartin, Marie-Angès aPage, Olivier le bEd. Genie des Glaciers aNegocier pour vendre a152p aVente : technique c2002 b26 cm lFr aL'Innovation Pédagogique a04/540 a04/541 a04/428 a2-84347-186-9